LEADER 01277nam 2200361 n 450 001 996384354803316 005 20200818213541.0 035 $a(CKB)4940000000067709 035 $a(EEBO)2240929431 035 $a(UnM)99871388e 035 $a(UnM)99871388 035 $a(EXLCZ)994940000000067709 100 $a19941004d1636 uy | 101 0 $aeng 135 $aurbn||||a|bb| 200 10$aArticles to be inquired of vvithin the dioces of Norwich$b[electronic resource] $ein the first visitation of the R. Reverend Father in God, Matthevv, Lord Bishop of Norwich 210 $aPrinted at London $cBy Richard Badger$d1636 215 $a[20] p 300 $aSignatures: A-B? C² . 300 $aThis edition has A2r catchword "of"; B1r line 4 ends "which". 300 $aReproduction of the original in the British Library. 330 $aeebo-0018 606 $aVisitations, Ecclesiastical$zEngland$zNorwich$vEarly works to 1800 615 0$aVisitations, Ecclesiastical 701 $aWren$b Matthew$f1585-1667.$01005766 801 0$bCu-RivES 801 1$bCu-RivES 801 2$bCStRLIN 801 2$bWaOLN 906 $aBOOK 912 $a996384354803316 996 $aArticles to be inquired of vvithin the dioces of Norwich$92358213 997 $aUNISA LEADER 02597nam 22006013 450 001 9910583601003321 005 20230411000311.0 010 $a84-11-22554-2 035 $a(CKB)5580000000342491 035 $a(MiAaPQ)EBC30172552 035 $a(Au-PeEL)EBL30172552 035 $a(oapen)https://directory.doabooks.org/handle/20.500.12854/87657 035 $a(EXLCZ)995580000000342491 100 $a20221010d2022 uy 0 101 0 $aspa 135 $aurcnu|||||||| 181 $ctxt$2rdacontent 182 $cc$2rdamedia 183 $acr$2rdacarrier 200 10$aEstudios Sobre la Universidad de Tarragona (1572-1717). 205 $a1st ed. 210 $aMadrid$cUniversidad Carlos III de Madrid. Figuerola Institute of Social Science History$d2022 210 1$aMadrid :$cDykinson, S.L.,$d2022. 210 4$d©2022. 215 $a1 online resource (196 pages) 225 1 $aHistoria de las Universidades$v62 311 $a84-11-22421-X 330 $aThis book collects various studies on different periods in the history of the University of Tarragona (1572-1717), especially its founding and initial stage, which provides innovative documentation on professors, degrees and about university finances. It is a small contribution, which complements some previous works, and it provides certain new materials that help to know the evolution of this University. 330 $aEste libro recoge varios estudios sobre diversos períodos de la historia de la Universidad de Tarragona (1572-1717), especialmente de su etapa fundacional e inicial, que aporta documentación novedosa sobre profesores, grados y acerca de la hacienda universitaria. Es una pequeña contribución, que complementa algunos trabajos anteriores, y aporta ciertos materiales nuevos, que ayudan a conocer la evolución de esta Universidad. 606 $ac 1500 to c 1600$2bicssc 606 $ac 1600 to c 1700$2bicssc 606 $aUniversities$2bicssc 610 $aTarragona 610 $aUniversidad 610 $aSeminario 610 $aSiglo XVII 610 $aCátedras 610 $aUniversity 610 $aSeminar 610 $aSeventeenth Century 610 $aChairs 615 7$ac 1500 to c 1600 615 7$ac 1600 to c 1700 615 7$aUniversities 700 $aTorres Fernández$b Cristóbal$01259111 702 $aRamis Serra$b Pedro$4auth 801 0$bMiAaPQ 801 1$bMiAaPQ 801 2$bMiAaPQ 906 $aBOOK 912 $a9910583601003321 996 $aEstudios Sobre la Universidad de Tarragona (1572-1717)$92917784 997 $aUNINA